[Event "FSGM August"]
[Site "Budapest HUN"]
[Date "2011.08.12"]
[Round "7"]
[White "Varga,Zo"]
[Black "Rodriguez Lopez,Ra"]
[Result "1/2-1/2"]
[WhiteElo "2483"]
[BlackElo "2292"]

1.e4 c5 2.Nf3 e6 3.d4 cxd4 4.Nxd4 a6 5.Bd3 Bc5 6.Nb3 Ba7 7.Qe2 d6 8.Be3 Bxe3
9.Qxe3 Nf6 10.Na3 b5 11.c4 b4 12.Nc2 Nc6 13.c5 dxc5 14.Qxc5 Bb7 15.Rd1 Nd7
16.Qd6 Nde5 17.Be2 Qxd6 18.Rxd6 Ke7 19.Rd2 Nd7 20.O-O Rhd8 21.Rfd1 g5 22.f3 a5
23.Bb5 Nce5 24.Nbd4 Nc5 25.Ne3 Kf6 26.a3  1/2-1/2

[Event "50th World Juniors"]
[Site "Chennai IND"]
[Date "2011.08.13"]
[Round "11.14"]
[White "Piorun,K"]
[Black "Gahan,M"]
[Result "1-0"]
[WhiteElo "2514"]
[BlackElo "2188"]

1.e4 c5 2.Nf3 e6 3.d4 cxd4 4.Nxd4 a6 5.Bd3 Nf6 6.O-O Qc7 7.Qe2 d6 8.c4 g6
9.Nc3 Bg7 10.Nf3 O-O 11.Rd1 Nc6 12.Bc2 e5 13.h3 Nb4 14.Bb3 Be6 15.Bg5 Rac8
16.Qd2 Bxc4 17.Qxd6 Bxb3 18.axb3 Qxd6 19.Rxd6 Rc6 20.Rd2 Re6 21.Ra4 Nc6 22.b4 h6
23.Be3 Rd8 24.b5 axb5 25.Rxd8+ Nxd8 26.Rb4 Ne8 27.Nxb5 Nc6 28.Rb3 Na5 29.Rc3 Rc6
30.Ra3 Nc4 31.Ra8 Kf8 32.Rb8 Nxb2 33.Nd6 Rxd6 34.Bc5 Nc4 35.Nd2 Kg8 36.Rxe8+ Kh7
37.Bxd6 Nxd6 38.Rd8 Nb5 39.Rd7 Kg8 40.Rxb7 Nd6 41.Rd7 Bf8 42.g4 Kg7 43.f3 Kf6
44.Kg2 Ke6 45.Rd8 Be7 46.Rg8 Bg5 47.Nb1 Nb5 48.Rb8 Nd4 49.Re8+ Kd6 50.Nc3 Bf4
51.Na4 Kd7 52.Rg8 Ne6 53.Nb6+ Kd6 54.Nd5 Bg5 55.Kg3 Bd2 56.Ra8 Be1+ 57.Kg2 Kc5
58.Ra7 Ng5 59.Nf6 Kd6 60.Ng8 h5 61.gxh5 gxh5 62.Nh6 Ke6 63.Ra6+ Kd7 64.Nf5 Ke8
65.Ra8+ Kd7 66.Rh8 Ne6 67.Kf1 Bd2 68.Rxh5 Nf4 69.Rh7 Ke6 70.h4 Kf6 71.Kf2 Ne6
72.Rh8 Kg6 73.h5+ Kg5 74.h6 Kg6 75.Kg3 Nd4 76.Kg4 Ne6 77.Kg3 Be1+ 78.Kh3 Bd2
79.Kg4 Bf4 80.Nh4+ Kf6 81.Kh5 Bd2 82.Rg8 Ng5 83.Rxg5 Bxg5 84.h7  1-0

[Event "Stare Mesto FIDE Open"]
[Site "Stare Mesto CZE"]
[Date "2011.08.13"]
[Round "2.23"]
[White "Mrazek,L"]
[Black "Spacek,O"]
[Result "1-0"]
[WhiteElo "2148"]
[BlackElo "1944"]

1.e4 c5 2.Nf3 e6 3.d4 cxd4 4.Nxd4 a6 5.Bd3 Bc5 6.Nb3 Be7 7.c4 Qc7 8.O-O Nf6
9.Nc3 d6 10.Be3 b6 11.f4 Nbd7 12.Qf3 Bb7 13.Rae1 g6 14.Qh3 h5 15.f5 gxf5
16.exf5 e5 17.Nd2 Rg8 18.Nde4 Rg4 19.Bf2 O-O-O 20.Nd5 Bxd5 21.cxd5 Qb7 22.Nxf6 Nxf6
23.Be2 Kb8 24.Bxg4 hxg4 25.Qb3 b5 26.Rd1 Rh8 27.Rfe1 Rh5 28.Qd3 Qd7 29.a4 Rxf5
30.axb5 e4 31.Rxe4 Nxe4 32.Qxe4 Re5 33.Qd4 axb5 34.Rc1 Bd8 35.Rc6 f5 36.Bg3 f4
37.Bxf4 Re1+ 38.Kf2 Qe8 39.Qd3  1-0

[Event "1st Radzikowskiej Mem"]
[Site "Warsaw POL"]
[Date "2011.08.13"]
[Round "10"]
[White "Gluszko,M"]
[Black "Sharevich,A"]
[Result "1/2-1/2"]
[WhiteElo "2103"]
[BlackElo "2344"]

1.e4 c5 2.Nf3 e6 3.d4 cxd4 4.Nxd4 a6 5.Bd3 Bc5 6.Nb3 Ba7 7.Qg4 Nf6 8.Qg3 d6
9.Nc3 Nc6 10.Bg5 h6 11.Bd2 e5 12.O-O-O Kf8 13.Nd5 Be6 14.Nxf6 Qxf6 15.f4 Rc8
16.f5 Bxb3 17.axb3 Nd4 18.Kb1 Qd8 19.Qh3 f6 20.g4 Ke7 21.Qg2 b5 22.h4 Nc6
23.g5 Qg8 24.Rh3 Qf7 25.Rg3 Rcg8 26.c4 Bd4 27.Be2 hxg5 28.hxg5 Na7 29.Rc1 Kd7
30.cxb5 axb5 31.Ba5 Rc8 32.gxf6 Rxc1+ 33.Kxc1 Rc8+ 34.Kb1 Qxf6 35.Rxg7+ Kc6
36.Rg8 Qf7 37.Rxc8+ Nxc8 38.Qh3 d5 39.Qh8 Nd6 40.Qa8+ Qb7 41.exd5+ Kxd5 42.Qd8 Qh7
43.Qa8+ Qb7 44.Qg8+ Kc5 45.b4+ Kc6 46.Qe6 e4 47.f6 Qf7 48.Qxf7 Nxf7 49.Bh5 Nd6
50.f7 Bg7 51.Bd8 Bf8 52.Kc2 Kd7 53.Bb6 Ke6 54.Bc5 Kf6 55.Kd1 Kg5 56.Be2 Kg6
57.Bxb5 Nxb5 58.Bxf8 Kxf7 59.Bc5 Ke6 60.Kd2 Kd5 61.Ke3 Kc4 62.Kxe4 Nc7 63.Bd6 Na6
64.b3+ Kb5 65.Kd4 Nxb4 66.Kc3 Nc6 67.b4  1/2-1/2

[Event "10th Lichtenberger Sommer"]
[Site "Berlin GER"]
[Date "2011.08.14"]
[Round "2.36"]
[White "Cremer,Ja"]
[Black "Hoffmann,Pe2"]
[Result "1-0"]
[WhiteElo "2033"]
[BlackElo "2030"]

1.e4 c5 2.Nf3 e6 3.d4 cxd4 4.Nxd4 a6 5.Bd3 Qc7 6.O-O Nf6 7.Qe2 d6 8.c4 Be7
9.Nc3 b6 10.Be3 Nbd7 11.Rac1 O-O 12.f4 Bb7 13.b4 Rfe8 14.Nb3 Rac8 15.Bd4 d5
16.cxd5 exd5 17.e5 Bxb4 18.Qd1 Nc5 19.exf6 Nxb3 20.axb3 Bc5 21.Bf5 Rcd8 22.fxg7 Bxd4+
23.Qxd4 Qc5 24.Ne2 Qb5 25.Ng3 Qxb3 26.Rc3  1-0

[Event "50th World Juniors"]
[Site "Chennai IND"]
[Date "2011.08.14"]
[Round "12.9"]
[White "Roganovic,Milo"]
[Black "Grandelius,N"]
[Result "1/2-1/2"]
[WhiteElo "2476"]
[BlackElo "2542"]

1.e4 c5 2.Nf3 e6 3.d4 cxd4 4.Nxd4 a6 5.Bd3 Bc5 6.Nb3 Ba7 7.Qg4 Nf6 8.Qg3 d6
9.Nc3 Nc6 10.Bg5 h6 11.Be3 Nh5 12.Qh3 Bxe3 13.Qxe3 Qg5 14.Qxg5 hxg5 15.O-O-O Nf4
16.g3 Ng6 17.Bf1 Ke7 18.Bg2 Bd7 19.h3 Rac8 20.Nd4 Nce5 21.Nf3 Nxf3 22.Bxf3 Ne5
23.Bg2 Bc6 24.Rhe1 Rh6 25.Re2 Rf6 26.b3 Rh8 27.a4 g4 28.hxg4 g5 29.f4 Nxg4
30.e5 dxe5 31.Bxc6 bxc6 32.fxe5 Rf5 33.Rd4 Nxe5 34.g4 Rf1+ 35.Kb2 f6 36.Rb4 Rd8
37.Ne4 Rf4 38.Rb7+ Rd7 39.Rb6 a5 40.Nxg5 Rxg4 41.Ne4 Nf3 42.Nc5 Nd4 43.Re1 Rc7
44.c3 Rg2+ 45.Kb1 Ne2 46.Kc2 Nf4+ 47.Kb1 e5 48.c4 f5 49.b4 axb4 50.a5 Ra7
51.Rxc6 Ne2 52.a6 Nc3+ 53.Kc1 Na2+ 54.Kb1 Nc3+ 55.Kc1 Na2+  1/2-1/2

[Event "Metalmex Open"]
[Site "Liberec CZE"]
[Date "2011.08.14"]
[Round "2"]
[White "Krtous,Z1"]
[Black "Hausner,I"]
[Result "1/2-1/2"]
[WhiteElo "2029"]
[BlackElo "2419"]

1.e4 c5 2.Nf3 e6 3.d4 cxd4 4.Nxd4 a6 5.Bd3 Nc6 6.Be3 Nf6 7.O-O Qc7 8.Nc3 Bd6
9.Kh1 Bf4 10.Bxf4 Qxf4 11.Qf3 Qxf3 12.Nxf3 d6 13.Rfe1 Ke7 14.e5 Nxe5 15.Nxe5 dxe5
16.Rxe5 Bd7 17.f3 Bc6 18.Re2 Rhd8 19.Kg1 Rac8 20.Kf2 g6 21.Rae1 Nd7 22.Be4 Nc5
23.Bxc6 Rxc6 24.Ne4 Nxe4+ 25.fxe4 e5 26.Ke3 Rf6 27.Rf2 Rxf2 28.Kxf2 h5 29.Ke3 Ke6
30.g3 f5 31.h4 Rd4 32.Kf3 Rd2 33.Re2 fxe4+ 34.Ke3 Rxe2+ 35.Kxe2 Kf5 36.c4 Kg4
37.c5 a5 38.b3 Kxg3 39.a3 Kxh4 40.b4 axb4 41.axb4 Kg3 42.b5 h4 43.c6 bxc6
44.b6 h3 45.b7 h2 46.b8=Q h1=Q 47.Qxe5+ Kh3 48.Qe6+ Kh2 49.Qe5+ Kh3 50.Qe6+ Kh4
51.Qf6+  1/2-1/2

[Event "e2e4 Int Masters A"]
[Site "Sunningdale ENG"]
[Date "2011.08.14"]
[Round "9"]
[White "Rudd,J"]
[Black "Poobalasingam,P"]
[Result "1-0"]
[WhiteElo "2278"]
[BlackElo "2299"]

1.e4 c5 2.Nf3 e6 3.d4 cxd4 4.Nxd4 a6 5.Bd3 Nf6 6.O-O d6 7.c4 g6 8.Nc3 Bg7
9.Be3 O-O 10.f3 Nbd7 11.Qd2 Ne5 12.Be2 Qc7 13.Rac1 Rd8 14.Kh1 Nc6 15.Nd5 exd5
16.cxd5 Bd7 17.Rc2 Qb8 18.dxc6 bxc6 19.Nxc6 Bxc6 20.Rxc6 d5 21.e5 d4 22.exf6 dxe3
23.Qxe3 Qxb2 24.Bc4 Bxf6 25.Rc7 Rf8 26.f4 Kg7 27.Qe6 Kh8 28.Rxf7 Rxf7 29.Qxf7 Bg7
30.Bxa6 Qd4 31.Bc4 Rf8 32.Qe6 g5 33.fxg5 Rxf1+ 34.Bxf1 Be5 35.Qf7 Qf4 36.Qxf4 Bxf4
37.a4 Bxg5 38.a5 Kg7 39.a6 Be3 40.g3 Kf6 41.Kg2 Ba7 42.Kf3 Ke5 43.Kg4 h6
44.Kh5 Be3 45.h4 Kf6 46.g4 Kg7 47.g5 Bf2 48.Kg4 hxg5 49.hxg5 Ba7 50.Kf5 Kf7
51.g6+ Kg7 52.Bd3  1-0

[Event "50th World Juniors"]
[Site "Chennai IND"]
[Date "2011.08.15"]
[Round "13"]
[White "Valsecchi,A"]
[Black "Narayanan,SL"]
[Result "1-0"]
[WhiteElo "2354"]
[BlackElo "2233"]

1.e4 c5 2.Nf3 e6 3.d4 cxd4 4.Nxd4 a6 5.Bd3 Qc7 6.Qe2 Nc6 7.Nxc6 dxc6 8.O-O e5
9.a4 Nf6 10.Nd2 Bc5 11.Kh1 Bg4 12.f3 Be6 13.f4 exf4 14.e5 Ng4 15.Ne4 Be7
16.Bxf4 Nxe5 17.Qh5 Bf6 18.Rae1 O-O-O 19.Nc3 g5 20.Bg3 Bg7 21.Qxg5 f6 22.Rxf6 Bxf6
23.Qxf6 Rhe8 24.Rxe5 Qd7 25.Qf4 Qc7 26.Qe3 Qd7 27.a5 Bg4 28.Na4  1-0

[Event "Stare Mesto FIDE Open"]
[Site "Stare Mesto CZE"]
[Date "2011.08.15"]
[Round "5"]
[White "Simonik,Adam"]
[Black "Stachon,Martin"]
[Result "0-1"]
[WhiteElo "1841"]
[BlackElo "2040"]

1.e4 c5 2.Nf3 e6 3.d4 cxd4 4.Nxd4 a6 5.Bd3 Nf6 6.O-O Qc7 7.Nb3 d6 8.Nc3 Nbd7
9.Be3 g6 10.f3 Bg7 11.Qd2 O-O 12.Bh6 Nc5 13.Bxg7 Kxg7 14.Rfe1 e5 15.Rad1 Be6
16.Kh1 Rac8 17.Be2 Rfd8 18.Qe3 b5 19.Nxc5 dxc5 20.b3 Rd4 21.Ra1 Rd7 22.g4 Rcd8
23.h4 h6 24.Rg1 Qd6 25.Rg2 Qd4 26.Qxd4 Rxd4 27.a4 b4 28.Nd1 c4 29.bxc4 Bxc4
30.Bxc4 Rxc4 31.Ne3 Rc3 32.Re2 a5 33.Kg2 Rd4 34.Kf2 Nd7 35.Ra2 Nb6 36.h5 Ra3
37.Rxa3 bxa3 38.c3 Rd3 39.Ra2 Rxc3 40.Nc2 Nc4 41.Ke2 Rb3 42.Ra1 gxh5 43.gxh5 Kf6
44.Rg1 Rc3 45.Na1 Re3+ 46.Kf2 Rd3 47.Rc1 Nb2 48.Ke2 Rd4 49.Rc6+ Kg5 50.Rc5 f6
51.Rxa5 Rxa4 52.Rb5 Kxh5 53.Nc2 Nc4 54.Rb1 a2 55.Ra1 Na5 56.Rg1 Nb3 57.Na1 Nxa1
58.Rxa1 Kg5 59.Rg1+ Kh4 60.Rh1+ Kg3 61.Ra1 Kg2  0-1

[Event "10th Lichtenberger Sommer"]
[Site "Berlin GER"]
[Date "2011.08.17"]
[Round "5.18"]
[White "Stark,I"]
[Black "Krefenstein,Sergej"]
[Result "1-0"]
[WhiteElo "2166"]
[BlackElo "2031"]

1.e4 c5 2.Nf3 e6 3.d4 cxd4 4.Nxd4 a6 5.Bd3 Nf6 6.O-O Qc7 7.Nc3 b5 8.Be3 Bb7
9.a3 d6 10.f4 Nbd7 11.Qf3 g6 12.Rae1 Be7 13.Kh1 Rc8 14.Qh3 Qb8 15.Nf3 h6
16.Bd2 Kf8 17.e5 Nd5 18.Ne4 dxe5 19.fxe5 Kg7 20.Nd4 Rcf8 21.Nxe6+ fxe6 22.Qxe6 Nxe5
23.Bc3 Nxc3 24.Qxe7+ Rf7 25.Rxf7+ Nxf7 26.Qf6+ Kf8 27.Nxc3 Qd6 28.Rf1 Qxf6
29.Rxf6 Ke7 30.Rxg6 Rf8 31.h3 h5 32.Be4  1-0

[Event "10th Lichtenberger Sommer"]
[Site "Berlin GER"]
[Date "2011.08.17"]
[Round "5.13"]
[White "Pappenheim,R"]
[Black "Weber,Di"]
[Result "0-1"]
[WhiteElo "2081"]
[BlackElo "2271"]

1.e4 c5 2.Nf3 e6 3.d4 cxd4 4.Nxd4 a6 5.Bd3 Nf6 6.O-O Qc7 7.Nc3 Bc5 8.Nb3 Be7
9.f4 d6 10.Be3 h5 11.Kh1 g6 12.a4 Nbd7 13.a5 Nc5 14.Qf3 Bd7 15.Nd4 Bc6 16.b4 Nxd3
17.cxd3 Ng4 18.Bg1 Qd7 19.Nxc6 Qxc6 20.Rac1 Qd7 21.Rc2 Rc8 22.Rfc1 O-O 23.h3 Nf6
24.Bd4 Rc6 25.f5 e5 26.Be3 Rfc8 27.Bg5 Nxe4 28.Bxe7 Rxc3 29.Rxc3 Rxc3 30.Rxc3 Nxc3
31.f6 Kh7 32.g4 Nb5 33.gxh5 Qc6 34.hxg6+ Kxg6 35.Kg2 Qxf3+ 36.Kxf3 Kf5 37.h4 d5
38.Kg3 Nd4 39.Bc5 Nc6 40.Be7 Ke6 41.Bc5 Kxf6 42.Kg4 d4 43.Kf3 Kf5 44.Bf8 f6
45.Bc5 Nd8 46.Bf8 Ne6 47.Bh6 Kg6 48.Bd2 f5 49.Kg2 Nc7 50.Bc1 Nd5 51.Bd2 Kh5
52.Kg3 e4 53.dxe4 fxe4 54.Bg5 Nxb4 55.Kf4 e3 56.Ke4 Nc6 57.Kd3 Kg4 58.Bf6 Kf5
59.Bg5 Ke5 60.h5 Kd5 61.Bf6 Ne5+ 62.Ke2 Ke4 63.Bh4 d3+ 64.Kf1 Nf3 65.Bg3 e2+  0-1

[Event "6th Ptuj Open"]
[Site "Ptuj SLO"]
[Date "2011.08.17"]
[Round "8"]
[White "Vrban,R"]
[Black "Loncar,R"]
[Result "0-1"]
[WhiteElo "2033"]
[BlackElo "2382"]

1.e4 c5 2.Nf3 e6 3.d4 cxd4 4.Nxd4 a6 5.Bd3 Bc5 6.Nb3 Be7 7.O-O d6 8.a4 Nf6
9.Nc3 O-O 10.Kh1 b6 11.Qe2 Bb7 12.f4 Nbd7 13.Rf3 Re8 14.Rh3 e5 15.Bc4 exf4
16.Bxf4 Bf8 17.Re3 Ne5 18.Bxe5 Rxe5 19.Rd1 Qe7 20.Rd4 Re8 21.Nd2 d5 22.Bxa6 Bxa6
23.Qxa6 Ng4 24.Re2 dxe4 25.Rdxe4 Rxe4 26.Ndxe4 Qc7 27.Ng3 Rd8 28.Qb5 Qf4
29.Qf5 Qc1+ 30.Qf1 Qxb2 31.Nce4 Qb4 32.h3 Nh6 33.Qa1 Ra8 34.Rf2 Qxa4 35.Qf1 Qa1
36.Kh2 Qxf1 37.Nxf1 f5 38.Nc3 Bd6+ 39.g3 g6 40.Kg2 Ra5 41.Re2 Nf7 42.Re8+ Kg7
43.Ne3 Bc5 44.Ned5 Ra1 45.g4 Rg1+ 46.Kh2 Ng5  0-1

[Event "1st Metropolitan International"]
[Site "Los Angeles USA"]
[Date "2011.08.19"]
[Round "5"]
[White "Abrahamyan,T"]
[Black "Mateer,Amanda Rae"]
[Result "1-0"]
[WhiteElo "2343"]
[BlackElo "2096"]

1.e4 c5 2.Nf3 e6 3.d4 cxd4 4.Nxd4 a6 5.Bd3 Bc5 6.Nb3 Be7 7.Qg4 g6 8.Qe2 d6
9.O-O Nd7 10.Na3 Ne5 11.f4 Nxd3 12.cxd3 Nf6 13.Be3 b5 14.Bd2 O-O 15.Ba5 Qd7
16.Rac1 Bd8 17.Qd2 Bb7 18.f5 exf5 19.exf5 Bd5 20.Bxd8 Raxd8 21.Nd4 Qa7 22.Nc2 Rc8
23.Kh1 Kg7 24.Qf4 Qd7 25.Rce1 h6 26.Ne3 Rce8 27.a3 Re5 28.fxg6 fxg6 29.Nxd5 Rxe1
30.Rxe1 Nxd5 31.Ne6+  1-0

[Event "Stare Mesto FIDE Open"]
[Site "Stare Mesto CZE"]
[Date "2011.08.19"]
[Round "9"]
[White "Bacak Ml.,P"]
[Black "Zpevak,P"]
[Result "0-1"]
[WhiteElo "2036"]
[BlackElo "2409"]

1.e4 c5 2.Nf3 e6 3.d4 cxd4 4.Nxd4 a6 5.Bd3 g6 6.O-O Bg7 7.Nb3 d6 8.Nc3 Nc6
9.Kh1 b5 10.a4 b4 11.Ne2 Nge7 12.c3 O-O 13.Nbd4 bxc3 14.bxc3 Qc7 15.f4 Bb7
16.Be3 Rab8 17.Nxc6 Qxc6 18.Rb1 Ba8 19.Qd2 Rxb1 20.Rxb1 Qxa4 21.Rb4 Qa1+
22.Rb1 Qa3 23.Qe1 f5 24.Ra1 Qb2 25.Rb1 Qa3 26.Ra1 Qb3 27.Rb1 Qa4 28.Ra1 Qd7
29.Rxa6 fxe4 30.Ra7 Qd8 31.Bb5 Nf5 32.Qd2 Qf6 33.Bg1 e3 34.Bxe3 Nxe3 35.Qxe3 e5
36.fxe5 Qf1+  0-1

[Event "5th Zupanja Open"]
[Site "Zupanja CRO"]
[Date "2011.08.19"]
[Round "1"]
[White "Rogic,D"]
[Black "Martinovic,F"]
[Result "1-0"]
[WhiteElo "2580"]
[BlackElo "1988"]

1.e4 c5 2.Nf3 e6 3.d4 cxd4 4.Nxd4 a6 5.Bd3 Nc6 6.Nxc6 dxc6 7.O-O Qc7 8.Nd2 Nf6
9.Nf3 e5 10.h3 h6 11.a4 Be6 12.Be3 a5 13.Nh4 Rd8 14.Qf3 Be7 15.Nf5 Bxf5 16.Qxf5 Qd7
17.Qf3 O-O 18.Bb6 Ra8 19.Bc4 Bd8 20.Bc5 Be7 21.Be3 Qc7 22.Rfd1 Rfd8 23.Qf5 Rd6
24.Rxd6 Qxd6 25.Qg6 Rf8 26.Qf5 Nd7 27.Qg4 Nf6 28.Qf3 Qc7 29.Rd1 Rd8 30.Re1 Kh8
31.c3 Kg8 32.Qf5 Rd7 33.Qg6 Bf8 34.Qf5 Ne8 35.Bb3 Kh8 36.Bb6 Qc8 37.Qxe5 Bd6
38.Qxa5 Bc7 39.Bxc7 Nxc7 40.Qf5 Qe8 41.Rd1 Rxd1+ 42.Bxd1 Ne6 43.Bb3 Nd8 44.e5 b6
45.Qc8 Kg8 46.Bc4 Kf8 47.Qb8 Ne6 48.Qxe8+ Kxe8 49.Bxe6 fxe6 50.f4  1-0

[Event "5th Zupanja Open"]
[Site "Zupanja CRO"]
[Date "2011.08.19"]
[Round "5.7"]
[White "Rubil,M"]
[Black "Martic,Z"]
[Result "0-1"]
[WhiteElo "2211"]
[BlackElo "2361"]

1.e4 c5 2.Nf3 e6 3.d4 cxd4 4.Nxd4 a6 5.Bd3 Qc7 6.Qe2 Nf6 7.O-O d6 8.c4 g6
9.Nc3 Bg7 10.Be3 O-O 11.Rfc1 Nbd7 12.b4 b6 13.f3 Bb7 14.Qf2 Ne5 15.Bf1 d5
16.cxd5 Neg4 17.fxg4 Nxg4 18.Bf4 Nxf2 19.Bxc7 Bxd4 20.Ne2 Bxa1 21.Kxf2 Bb2
22.Rd1 f5 23.dxe6 fxe4+ 24.Ke3 Bf6 25.g3 Be7 26.Nd4 Rac8 27.Bxb6 Rc3+ 28.Ke2 Bxb4
29.Rb1 e3 30.Bh3 Rf2+ 31.Kd1 Rd3+ 32.Kc1 Ba3+  0-1

[Event "10th Lichtenberger Sommer"]
[Site "Berlin GER"]
[Date "2011.08.20"]
[Round "8.27"]
[White "Schmidt,Juerg"]
[Black "Kornrumpf,J"]
[Result "0-1"]
[WhiteElo "2024"]
[BlackElo "2099"]

1.e4 c5 2.Nf3 e6 3.d4 cxd4 4.Nxd4 a6 5.Bd3 Bc5 6.Nb3 Be7 7.O-O d6 8.Be3 Nd7
9.f4 Ngf6 10.N1d2 b6 11.Qf3 Bb7 12.Qh3 Qc7 13.a4 Rc8 14.Rae1 Qc6 15.a5 b5
16.Nd4 Qc7 17.N4b3 Qb8 18.e5 dxe5 19.fxe5 Qxe5 20.Bd4 Qh5 21.Qg3 O-O 22.h3 Ne8
23.Ne4 Bh4  0-1

[Event "Metalmex Open"]
[Site "Liberec CZE"]
[Date "2011.08.20"]
[Round "8.8"]
[White "Suchomel,T"]
[Black "Snorek,M"]
[Result "0-1"]
[WhiteElo "1647"]
[BlackElo "2118"]

1.e4 c5 2.Nf3 e6 3.d4 cxd4 4.Nxd4 a6 5.Bd3 Qc7 6.Qe2 d6 7.O-O Nf6 8.Nc3 Nbd7
9.Nb3 Be7 10.Kh1 b6 11.f4 Bb7 12.Be3 h5 13.Rae1 h4 14.h3 Nh5 15.Bf2 Nxf4
16.Bxb6 Nxe2 17.Bxc7 Ng3+ 18.Kh2 Nxf1+ 19.Rxf1 Rc8 20.Ba5 Ne5 21.Na4 Nxd3
22.cxd3 Bf6 23.Nb6 Rc2 24.Nc4 Be5+ 25.Nxe5 dxe5 26.Bc3 f6 27.Nc5 Bc8 28.Na4 O-O
29.Rd1 Rd8 30.Nc5 Rd6 31.Kg1 Rc6 32.Nb3 Bd7 33.Kf1 Be8 34.Na1 Bh5 35.Nxc2 Bxd1
36.Ne3 Bh5 37.Ng4 Bxg4 38.hxg4 g5 39.Ke2 Rc7 40.d4 exd4 41.Bxd4 Rc2+ 42.Kf3 e5
43.Bc3 Kf7  0-1

[Event "4th Jessie Gilbert Open"]
[Site "Coulsdon ENG"]
[Date "2011.08.21"]
[Round "2"]
[White "Hodgson,Jo"]
[Black "Warman,S"]
[Result "1-0"]
[WhiteElo "2208"]
[BlackElo "2058"]

1.e4 c5 2.Nf3 e6 3.d4 cxd4 4.Nxd4 a6 5.Bd3 Bc5 6.Nb3 Ba7 7.Qg4 Nf6 8.Qg3 d6
9.Nc3 Nc6 10.Bg5 h6 11.Bd2 Nh5 12.Qf3 g6 13.O-O-O Qf6 14.Qxf6 Nxf6 15.f3 b5
16.Kb1 Bb7 17.a4 b4 18.Na2 a5 19.Bb5 Bb6 20.c3 Ke7 21.cxb4 axb4 22.Nxb4 Na7
23.Bc3 Nxb5 24.axb5 Rhd8 25.Bd4 Nd7 26.Bxb6 Nxb6 27.Nd4 Rdc8 28.Ndc6+ Bxc6
29.Nxc6+ Kd7 30.Rd3 Nc4 31.Rhd1 Rc7 32.Rd4 Ra4 33.Rc1 Nb6 34.Ne5+ Kc8 35.Rxa4 Nxa4
36.Nxf7 Rxc1+ 37.Kxc1 Kc7 38.Nxh6 Kb6 39.Nf7 d5 40.exd5 exd5 41.Ne5  1-0

[Event "61st ch-RUS w"]
[Site "Moscow RUS"]
[Date "2011.08.21"]
[Round "3"]
[White "Charochkina,D"]
[Black "Galliamova,A"]
[Result "0-1"]
[WhiteElo "2310"]
[BlackElo "2492"]

1.e4 c5 2.Nf3 e6 3.d4 cxd4 4.Nxd4 a6 5.Bd3 Bc5 6.c3 d6 7.O-O Nf6 8.Qe2 e5
9.Nf5 Bxf5 10.exf5 O-O 11.Nd2 Ba7 12.c4 Nc6 13.Ne4 Nd4 14.Nxf6+ Qxf6 15.Qe4 b5
16.cxb5 axb5 17.Be3 Rfd8 18.Qd5 b4 19.a3 b3 20.Rac1 h6 21.Bxd4 Bxd4 22.Rc7 Rab8
23.Bc4 Rf8 24.Bxb3 Qxf5 25.Bc2 Qe6 26.Qxe6 fxe6 27.b4 Rbc8 28.Rxc8 Rxc8 29.Bb3 d5
30.Rb1 Rf8 31.h3 Rxf2 32.Kh2 e4 33.Kg3 e3 34.Rd1 Be5+ 35.Kh4 e2  0-1

[Event "23rd Porto San Giorgio Open"]
[Site "Porto San Giorgio ITA"]
[Date "2011.08.22"]
[Round "2"]
[White "Rinaudo,A"]
[Black "Mogranzini,R"]
[Result "0-1"]
[WhiteElo "2090"]
[BlackElo "2433"]

1.e4 c5 2.Nf3 e6 3.d4 cxd4 4.Nxd4 a6 5.Bd3 Bc5 6.Nb3 Be7 7.O-O d6 8.c4 Nd7
9.Be3 Ngf6 10.f4 Qc7 11.Nc3 b6 12.Qf3 Bb7 13.Rad1 g6 14.h3 h5 15.g3 Rc8 16.Rfe1 Qb8
17.Qf2 Nc5 18.Nxc5 bxc5 19.b3 Nd7 20.Bc1 Bf6 21.Qc2 Qc7 22.Bb2 Bd4+ 23.Kh2 h4
24.Ne2 hxg3+ 25.Nxg3 Qd8 26.Bxd4 cxd4 27.Bf1 e5 28.f5 Nf6 29.Kg1 Qb6 30.Qf2 g5
31.Qd2 Ke7 32.Bg2 Rcg8 33.Kf2 Rh4 34.Qd3 g4 35.Rh1 gxh3 36.Rxh3 Rf4+ 37.Ke2 Rgg4
38.Bf3 Rg5 39.Re1 Qa5 40.Ra1 Qa3 41.Rd1 Qxa2+ 42.Rd2 Qa5 43.Rd1 Rxg3 44.Rxg3 Bxe4
45.Bxe4 Nxe4 46.f6+ Nxf6 47.b4 Qa2+ 48.Rd2 Qa1 49.Rd1 Qb2+ 50.Rd2 Qxb4  0-1

[Event "Caissa GM Aug 2011"]
[Site "Kecskemet HUN"]
[Date "2011.08.23"]
[Round "4.2"]
[White "Antal,T"]
[Black "Battey,A"]
[Result "1/2-1/2"]
[WhiteElo "2256"]
[BlackElo "2326"]

1.e4 c5 2.Nf3 e6 3.d4 cxd4 4.Nxd4 a6 5.Bd3 Bc5 6.Nb3 Ba7 7.Qg4 Nf6 8.Qg3 d6
9.Nc3 Nc6 10.Bg5 h6 11.Bd2 e5 12.Nd5 g5 13.O-O-O Be6 14.h4 Nh5 15.Qf3 g4
16.Qe2 Rc8 17.Kb1 Ne7 18.c4 Nxd5 19.cxd5 Bd7 20.g3 Qf6  1/2-1/2

[Event "Brasschaat Masters"]
[Site "Brasschaat BEL"]
[Date "2011.08.24"]
[Round "5.4"]
[White "Docx,S"]
[Black "Izsak,Gyu"]
[Result "0-1"]
[WhiteElo "2330"]
[BlackElo "2474"]

1.e4 c5 2.Nf3 e6 3.d4 cxd4 4.Nxd4 a6 5.Bd3 Nc6 6.Nxc6 dxc6 7.Nd2 e5 8.Nc4 Be6
9.Qf3 Nf6 10.O-O Qc7 11.a4 Nd7 12.Qg3 Rd8 13.Bd2 f6 14.Rfd1 Kf7 15.f4 b5
16.axb5 cxb5 17.Ba5 Qa7+ 18.Kh1 exf4 19.Qxf4 bxc4 20.Bxd8 cxd3 21.cxd3 Bc5
22.Ba5 Bd4 23.Bc3 Ne5 24.Bxd4 Qxd4 25.Rxa6 Rd8 26.Ra3 Rd7 27.Rc3 Rb7 28.Qd2 Bb3
29.Rdc1 Be6 30.h3 Rd7 31.Rc7 Nxd3 32.Rxd7+ Bxd7 33.Rd1 Bb5 34.Rf1 Qxe4 35.Qa5 Qd5
36.Qc7+ Bd7 37.Qd8 Nxb2 38.Re1 Qd6 39.Rb1 Nd3 40.Rb8 Ne5 41.Rb6 Qd5 42.Qc7 Kg6
43.Rb7 Qd1+ 44.Kh2 h6 45.Ra7 Qd2 46.Qb7 Qf4+ 47.Kh1 Kh7 48.Qc7 Qf5 49.Kh2 Qg6
50.Ra3 h5 51.Re3 Qf5 52.Rc3 Qf4+ 53.Kh1 Bf5 54.Rf3 Qg5 55.Rf2 Be4 56.Qd6 Qg3  0-1

[Event "3rd Senica Open"]
[Site "Senica SVK"]
[Date "2011.08.25"]
[Round "6.7"]
[White "Chudinovskikh,A"]
[Black "Pribila,G"]
[Result "1-0"]
[WhiteElo "2302"]
[BlackElo "2036"]

1.e4 c5 2.Nf3 e6 3.d4 cxd4 4.Nxd4 a6 5.Bd3 Nf6 6.O-O Qc7 7.Qe2 d6 8.c4 g6
9.Nc3 Bg7 10.Rd1 O-O 11.Nf3 Nc6 12.Bf4 Nd7 13.Rac1 Nde5 14.h3 b6 15.b3 Bb7
16.Bb1 Nxf3+ 17.Qxf3 Nd4 18.Qd3 e5 19.Be3 Rad8 20.Ne2 Ne6 21.Nc3 Nd4 22.f4 f5
23.exf5 gxf5 24.Nd5 Bxd5 25.cxd5 Qb7 26.Bxd4 exd4 27.Rc6 Rde8 28.Qf3 Qf7
29.Rxd6 Re3 30.Qf1 b5 31.Bd3 Ra8 32.a4 Bf8 33.Re6 Rxe6 34.dxe6 Qxe6 35.Re1 Qxb3
36.Bxf5 Qc3 37.Bd3 Qd2 38.Re6 Kf7 39.Re5 Re8 40.axb5 Rxe5 41.fxe5+ Ke8 42.bxa6 Bc5
43.Bb5+ Kd8 44.Qf6+  1-0

[Event "Caissa GM Aug 2011"]
[Site "Kecskemet HUN"]
[Date "2011.08.26"]
[Round "7.3"]
[White "Battey,A"]
[Black "Sax,G"]
[Result "1/2-1/2"]
[WhiteElo "2326"]
[BlackElo "2491"]

1.e4 c5 2.Nf3 e6 3.d4 cxd4 4.Nxd4 a6 5.Bd3 Qb6 6.Nb3 Qc7 7.Qe2 d6 8.Be3 Nf6
9.Nc3 b5 10.O-O-O b4 11.Nb1 Bb7 12.N1d2 Nbd7 13.f3 d5 14.Bf2 Bd6 15.exd5 Bxd5
16.Ne4 Bxe4 17.Bxe4 Nxe4 18.Qxe4 O-O 19.Bg3 Bxg3 20.hxg3 Nf6 21.Qxb4 Rfc8
22.Rd2 a5 23.Qd6 Qb7 24.Qa3 Nd5 25.Rhd1 Qb5 26.Rh1 Qb8 27.f4 Ne3 28.Qa4 Nc4
29.Re2 Qd6 30.Nd2 Qd5 31.Rd1 Nb6 32.Qb3 Qc6 33.Ne4 Nd5 34.Nc3 a4 35.Qa3 Nb6
36.Rd6 Qc7 37.Nb5 Qb8 38.Rd4 Nd5 39.Rxa4 Rxa4 40.Qxa4 h6 41.b3 g5  1/2-1/2

[Event "10th Sunny Beach Open"]
[Site "Sunny Beach BUL"]
[Date "2011.08.27"]
[Round "1.28"]
[White "Bielavsky,J"]
[Black "Spassov,L"]
[Result "0-1"]
[WhiteElo "1993"]
[BlackElo "2379"]

1.e4 c5 2.Nf3 e6 3.d4 cxd4 4.Nxd4 a6 5.Bd3 Bc5 6.Nb3 Be7 7.O-O d6 8.Be3 Nf6
9.Nc3 Nc6 10.f4 h5 11.Kh1 Qc7 12.a3 b5 13.Nd4 Bb7 14.Qe1 h4 15.f5 Nxd4 16.Bxd4 e5
17.Be3 h3 18.g3 Rc8 19.Kg1 Qb8 20.Bg5 Qa7+ 21.Qe3 Qa8 22.Bxf6 gxf6 23.Qf3 Rc5
24.Rfe1 Bd8 25.Nd1 Bb6 26.Nf2 d5 27.c3 Rc7 28.Kf1 d4 29.Rac1 dxc3 30.Rxc3 Rxc3
31.bxc3 Qc8 32.c4 Qc5 33.cxb5 axb5 34.Rb1 Bc6 35.Qe2 Ke7 36.Bxb5 Bxe4 37.Rd1 Bxf5
38.a4 Rd8 39.Rxd8 Kxd8  0-1

[Event "Trade Fair Open A"]
[Site "Brno CZE"]
[Date "2011.08.28"]
[Round "9"]
[White "Velicka,P"]
[Black "Bernasek,J"]
[Result "1/2-1/2"]
[WhiteElo "2461"]
[BlackElo "2469"]

1.e4 c5 2.Nf3 e6 3.d4 cxd4 4.Nxd4 a6 5.Bd3 Bc5 6.Nb3 Ba7 7.Qe2 d6 8.Be3 Nc6
9.Nc3 Nf6 10.g4 Bxe3 11.Qxe3 Nxg4 12.Qg3 Nf6 13.Qxg7 Rg8 14.Qh6 Bd7 15.O-O-O Ng4
16.Qf4 e5 17.Qg3  1/2-1/2

[Event "Trade Fair Open A"]
[Site "Brno CZE"]
[Date "2011.08.28"]
[Round "9"]
[White "Bednar,Jak"]
[Black "Stastny,R"]
[Result "1/2-1/2"]
[WhiteElo "2134"]
[BlackElo "2012"]

1.d4 e6 2.e4 c5 3.Nf3 cxd4 4.Nxd4 a6 5.Bd3 Qc7 6.O-O Nc6 7.Nxc6 dxc6 8.Nd2 e5
9.b3 Nf6 10.Bb2 Bg4 11.Qe1 Bc5 12.h3 Bh5 13.Nc4 Nd7 14.Be2 Bxe2 15.Qxe2 O-O
16.Rad1 Rad8 17.a4 b5 18.axb5 cxb5 19.Nd2  1/2-1/2

[Event "Trade Fair Open A"]
[Site "Brno CZE"]
[Date "2011.08.28"]
[Round "9"]
[White "Mares,Jan"]
[Black "Fojtik,T"]
[Result "0-1"]
[WhiteElo "1842"]
[BlackElo "2106"]

1.e4 c5 2.Nf3 e6 3.d4 cxd4 4.Nxd4 a6 5.Bd3 Qc7 6.O-O Nf6 7.c4 Be7 8.b3 d6
9.Bb2 Nbd7 10.Nd2 b6 11.Qe2 Bb7 12.Kh1 O-O 13.Rac1 Nc5 14.Bb1 Rfe8 15.f4 Rac8
16.N4f3 Qb8 17.Ng5 e5 18.f5 h6 19.Nh3 Qa8 20.Rce1 b5 21.cxb5 axb5 22.Rf3 Bc6
23.Rg3 Bd8 24.Nf2 Ncd7 25.Ng4 Kf8 26.Bc3 Nh5 27.Rf3 Ndf6 28.Nxf6 Nxf6 29.Bb4 Be7
30.Rh3 d5 31.Bxe7+ Rxe7 32.Rc3 d4 33.Rc5 Be8 34.Rec1 Rxc5 35.Rxc5 Qa7 36.Rc8 Rc7
37.Rxc7 Qxc7 38.Nf3 Ng4 39.Bd3 Qc1+ 40.Ne1 Ne3 41.Kg1 Nd1 42.g4 Nc3 43.Qf2 f6
44.h4 Nxa2 45.Qxa2 Qxe1+ 46.Kg2 Qc3 47.Bb1 d3 48.Qa3+ b4 49.Qa6 Qd2+ 50.Kg3 Qe3+
51.Kh2 Qe2+ 52.Kg3 Qe1+ 53.Kh3 Qxb1 54.Qd6+ Kg8 55.Qd8 Qxb3 56.Qxe8+ Kh7
57.Qg6+ Kh8 58.Qe8+ Qg8 59.Qd7 b3 60.Qxd3 Qb8 61.g5 hxg5 62.hxg5 fxg5 63.Kg4 b2
64.Qb1 Qb3 65.Kxg5 Kg8 66.Kg6 Qb6+ 67.Kg5 Qh6+ 68.Kg4 Qc1 69.Qa2+ Kh7 70.Qf7 Qf4+
71.Kh3 Qh6+  0-1